000 00754nam a22002297a 4500
999 _c9670
_d9670
001 9670
003 BD-JhCC
005 20180327093805.0
008 180321s1968 b ||||| |||| 00| 0 b d
035 _a(BD-JhCC) 9670
040 _aBD-JhCC
_dBD-JhCC
041 _aben
082 _a925
_bRAH 1968
100 _aইয়স্ট, এডনা
245 _aপ্রখ্যাত মহিলা বিজ্ঞানী /
_bএডনা ইয়স্ট, হাবিবুর রহমান
260 _aঢাকা :
_bনওরোজ কিতাবিস্তান
_c1968
300 _a184 P ;
_c21 CM
650 _aBiography
_zScientists
700 _aরহমান, হাবিবুর
942 _2ddc
_cBK